000 00272nam a22001217a 4500
008 171219b xxu||||| |||| 00| 0 eng d
041 _aeng
080 _211 ED
_a51
100 _a38
101 _aMAT
245 _aINTERMEDIATE ALGEBRA
_cBITTINGER.M.L
942 _2udc
_cBK
999 _c39165
_d39165